000 00688nam a2200229Ia 4500
001 16841
003 GE_BSU
008 181216s||||||||xx |||||||||||||| ||und||
040 _cGE_BSU
080 _a821.353.1-32
100 _aგორგილაძე, მიხეილ
245 _aსოფლის აღმართი
245 _bმოთხრობები
245 _cრედ. რ. ართილაყვა
260 _aბათუმი
260 _bსაბჭ. აჭარა
260 _c1969
300 _a202გვ. ; 20სმ
653 _aმოთხრობები
653 _aსოფლის აღმართი
942 _cBK
999 _c49905
_d49905